000 00308nam a2200109Ia 4500
008 171204s9999 xx 000 0 und d
245 _aJava Programming Interviews Exposed:
245 _cNoel Markham
260 _c2014
650 _xProgramming 1-2
856 _uhttp://down.ebook777.com/043/9781118722862.pdf
999 _c345938
_d345938